000 00534nam a2200181Ia 4500
005 20250508162333.0
008 008 250505s9999 xx 000 0 eng d
037 _aTextual
040 _aFEDL
_beng
_cFEDL
041 _aeng
_2eng
084 _a371.322, SOC
_qFEDL
245 0 _aPerspectives on academic gaming and simulation 5
245 0 _cSociety for academic gaming and simulation in education and training
260 _c1980
300 _a212p.
942 _cTEXL
_h371.322, SOC
999 _c1375923
_d1375923